000
00352nam a2200133Ia 4500
008
100328s9999 xx 000 0 und d
082
_b
46206
100
_a
साठे अण्णा भाऊ
245
_a
लाडी
260
_b
भगवानदास हिरजी
630
_a
लाडी
730
_a
लाडी
942
_c
BOOK
999
_c
534219
_d
534216